[Event "Mittelfranken-ch HT 66th"]
[Site "Uttenreuth"]
[Date "2017.04.15"]
[Round "9"]
[White "Seibold, Hubert"]
[Black "Wittmann, Helmut"]
[Result "1/2-1/2"]
[WhiteElo "2117"]
[BlackElo "2067"]
[PlyCount "75"]
[EventDate "2017.04.11"]
[EventType "swiss"]
[EventRounds "9"]
[EventCountry "GER"]
[SourceTitle "EXT 2020"]
[Source "ChessBase"]
[SourceDate "2019.10.17"]
[SourceVersion "1"]
[SourceVersionDate "2019.10.17"]
[SourceQuality "1"]

1. Nf3 d5 2. d4 Bg4 3. Ne5 Bf5 4. c4 c6 5. cxd5 Bxb1 6. Rxb1 Qxd5 7. e3 e6 8. a3 Bd6 9. Nc4 Bc7 10. Qd3 Nf6 11. Nd2 0-0 12. e4 Qg5 13. g3 e5 14. Bg2 exd4 15. Nf3 Qa5+ 16. b4 Qa6 17. Qxa6 Nxa6 18. Nxd4 Bb6 19. Be3 Rfe8 20. f3 Nd5 21. Bf2 c5 22. Nc2 cxb4 23. axb4 Rac8 24. Bxb6 Rxc2 25. Bf2 Nc3 26. Rb3 Rd8 27. 0-0 Rdd2 28. Rxc3 Rxc3 29. Be1 Rcc2 30. Bxd2 Rxd2 31. Rc1 Rd8 32. b5 Nb4 33. Rc7 Rb8 34. f4 a6 35. bxa6 Nxa6 36. Rd7 Nc5 37. Rc7 Na6 38. Rd7 1/2-1/2

[Event "Mittelfranken-ch HT 66th"]
[Site "Uttenreuth"]
[Date "2017.04.13"]
[Round "5"]
[White "Wittmann, Helmut"]
[Black "Erlbeck, Peter"]
[Result "1/2-1/2"]
[WhiteElo "2067"]
[BlackElo "2061"]
[PlyCount "77"]
[EventDate "2017.04.11"]
[EventType "swiss"]
[EventRounds "9"]
[EventCountry "GER"]
[SourceTitle "EXT 2020"]
[Source "ChessBase"]
[SourceDate "2019.10.17"]
[SourceVersion "1"]
[SourceVersionDate "2019.10.17"]
[SourceQuality "1"]

1. d4 f5 2. g3 Nf6 3. Bg2 g6 4. Nh3 Bg7 5. Nf4 d6 6. d5 Na6 7. h4 Nc5 8. h5 e5 9. dxe6 Nxe6 10. Nxe6 Bxe6 11. h6 Bf8 12. Bxb7 Rb8 13. Bc6+ Kf7 14. Nd2 Rb6 15. Bg2 Be7 16. Nf3 Ne4 17. Nd4 d5 18. Nxe6 Rxe6 19. Qd4 Bf6 20. Qxa7 Rhe8 21. 0-0 R8e7 22. Qa5 Qd7 23. Rd1 c6 24. c4 d4 25. c5 Nxf2 26. Kxf2 Rxe2+ 27. Kf1 Rxg2 28. Kxg2 Qd5+ 29. Kf2 d3 30. Re1 Qd4+ 31. Be3 Qxb2+ 32. Kf3 Qh2 33. Qd2 Qh5+ 34. Kg2 Bxa1 35. Rxa1 f4 36. gxf4 Qg4+ 37. Kf2 Qh4+ 38. Kg2 Qg4+ 39. Kf2 1/2-1/2

[Event "Mittelfranken-ch HT 66th"]
[Site "Uttenreuth"]
[Date "2017.04.13"]
[Round "6"]
[White "Wittmann, Helmut"]
[Black "Tong, Kevin"]
[Result "0-1"]
[WhiteElo "2067"]
[BlackElo "2046"]
[PlyCount "102"]
[EventDate "2017.04.11"]
[EventType "swiss"]
[EventRounds "9"]
[EventCountry "GER"]
[SourceTitle "EXT 2020"]
[Source "ChessBase"]
[SourceDate "2019.10.17"]
[SourceVersion "1"]
[SourceVersionDate "2019.10.17"]
[SourceQuality "1"]

1. d4 d5 2. c4 c6 3. Nf3 Nf6 4. Nc3 dxc4 5. Ne5 Nbd7 6. Nxc4 b5 7. Nd2 Bb7 8. Nf3 e6 9. g3 b4 10. Na4 c5 11. b3 cxd4 12. Qxd4 Be7 13. Bg2 Qa5 14. Nb2 Nb6 15. 0-0 0-0 16. Nd3 Rfd8 17. Qe5 Qa6 18. Nc5 Bxc5 19. Qxc5 Nbd5 20. Bg5 Qxe2 21. Bxf6 gxf6 22. Qd4 Qc2 23. Rfd1 Rdc8 24. Rd2 Qf5 25. Re1 a5 26. Nh4 Qh5 27. Bf3 Qg5 28. Rde2 Rc1 29. Rxc1 Qxc1+ 30. Kg2 Rc8 31. Qg4+ Qg5 32. Qd4 Ba8 33. Re4 f5 34. Re5 Ne7 35. Rxa5 Bd5 36. Qxb4 Nc6 37. Qc3 Qd8 38. Rc5 Bxf3+ 39. Nxf3 Ne7 40. Rxc8 Nxc8 41. b4 Nb6 42. Qc5 Nd5 43. Nd4 Qa8 44. Qc6 Qxa2 45. b5 Qb1 46. Nf3 h6 47. Nd2 Qb4 48. Nc4 Kg7 49. b6 Qe1 50. Nd6 Ne3+ 51. Kf3 Qh1+ 0-1

[Event "Mittelfranken-ch HT 66th"]
[Site "Uttenreuth"]
[Date "2017.04.12"]
[Round "4"]
[White "Link, Andreas"]
[Black "Wittmann, Helmut"]
[Result "0-1"]
[WhiteElo "2015"]
[BlackElo "2067"]
[PlyCount "176"]
[EventDate "2017.04.11"]
[EventType "swiss"]
[EventRounds "9"]
[EventCountry "GER"]
[SourceTitle "EXT 2020"]
[Source "ChessBase"]
[SourceDate "2019.10.17"]
[SourceVersion "1"]
[SourceVersionDate "2019.10.17"]
[SourceQuality "1"]

1. e4 e5 2. Nf3 Nc6 3. Bb5 g6 4. c3 Bg7 5. d4 exd4 6. cxd4 a6 7. Bc4 d6 8. 0-0 Nf6 9. Nc3 0-0 10. Re1 b5 11. Bb3 Bg4 12. Be3 Na5 13. Bc2 Nc4 14. b3 Nxe3 15. Rxe3 c5 16. dxc5 dxc5 17. e5 Nd7 18. Be4 Ra7 19. Qd5 b4 20. Na4 Bxf3 21. Bxf3 Nxe5 22. Rae1 Rd7 23. Qe4 Rd4 24. Qb7 Nd3 25. Rf1 c4 26. bxc4 Rxc4 27. Be2 Rd4 28. Bxd3 Rxd3 29. Rxd3 Qxd3 30. Qxb4 Rd8 31. Qb3 Qb5 32. g3 Rd3 33. Qc2 Ra3 34. Qc8+ Bf8 35. Nc3 Qd3 36. Rc1 Kg7 37. Qc7 Bd6 38. Qc6 Qd2 39. Rd1 Qxc3 40. Qxd6 Rxa2 41. Qd4+ Qxd4 42. Rxd4 Rb2 43. Rd6 a5 44. Ra6 Rb5 45. h4 h5 46. Kg2 Kf8 47. Ra7 f6 48. Kf3 Rf5+ 49. Kg2 g5 50. hxg5 fxg5 51. f4 g4 52. Kf2 Rb5 53. Ke3 Rb3+ 54. Kf2 Rb2+ 55. Kg1 Rb5 56. Kf2 Ke8 57. Ke3 Rb3+ 58. Kf2 Rb2+ 59. Kg1 Rb5 60. Kf2 Kd8 61. Ke3 Rb3+ 62. Kf2 Rb2+ 63. Kg1 Rb5 64. Kf2 Kc8 65. Ke3 Kb8 66. Rd7 a4 67. Rd2 Rb3+ 68. Ke4 Rxg3 69. f5 Rf3 70. Rd8+ Kc7 71. Rh8 a3 72. Rxh5 a2 73. Rh1 Kd6 74. Ra1 Rf2 75. Rd1+ Ke7 76. Ke5 Re2+ 77. Kf4 Rb2 78. Ra1 Rg2 79. Kg5 Kf7 80. f6 g3 81. Kf4 Kxf6 82. Kf3 Rc2 83. Kxg3 Ke5 84. Kf3 Kd4 85. Rd1+ Kc3 86. Ke3 Kb2 87. Kd3 Rc3+ 88. Kd4 Rc8 0-1

[Event "Mittelfranken-ch HT 66th"]
[Site "Uttenreuth"]
[Date "2017.04.12"]
[Round "3"]
[White "Wittmann, Helmut"]
[Black "Saathoff, Richard"]
[Result "0-1"]
[WhiteElo "2067"]
[BlackElo "2124"]
[PlyCount "54"]
[EventDate "2017.04.11"]
[EventType "swiss"]
[EventRounds "9"]
[EventCountry "GER"]
[SourceTitle "EXT 2020"]
[Source "ChessBase"]
[SourceDate "2019.10.17"]
[SourceVersion "1"]
[SourceVersionDate "2019.10.17"]
[SourceQuality "1"]

1. d4 Nf6 2. Bg5 c5 3. Bxf6 gxf6 4. d5 Qb6 5. Qc1 Bh6 6. e3 f5 7. Na3 f4 8. Nc4 Qf6 9. e4 f3 10. Qb1 fxg2 11. Bxg2 Rg8 12. Bf1 b5 13. Nd2 Bxd2+ 14. Kxd2 Qd4+ 15. Bd3 c4 16. Ne2 Qxf2 17. a4 cxd3 18. cxd3 Rg2 19. Qd1 d6 20. Rf1 Qb6 21. Rg1 Rxg1 22. Qxg1 Qxg1 23. Rxg1 Kf8 24. axb5 Nd7 25. Nd4 Nb6 26. Rc1 Ke8 27. Rc7 Bd7 0-1

[Event "Mittelfranken-ch HT 66th"]
[Site "Uttenreuth"]
[Date "2017.04.11"]
[Round "2"]
[White "Konsek, Peter"]
[Black "Wittmann, Helmut"]
[Result "0-1"]
[WhiteElo "2083"]
[BlackElo "2067"]
[PlyCount "104"]
[EventDate "2017.04.11"]
[EventType "swiss"]
[EventRounds "9"]
[EventCountry "GER"]
[SourceTitle "EXT 2020"]
[Source "ChessBase"]
[SourceDate "2019.10.17"]
[SourceVersion "1"]
[SourceVersionDate "2019.10.17"]
[SourceQuality "1"]

1. e4 g6 2. d4 Bg7 3. Nf3 d6 4. Bc4 Nf6 5. Qe2 Nc6 6. e5 dxe5 7. dxe5 Ng4 8. e6 fxe6 9. Bxe6 Bxe6 10. Qxe6 Qd7 11. Qxd7+ Kxd7 12. 0-0 Rae8 13. h3 Nh6 14. Ng5 Nd4 15. Rd1 Kc6 16. Rxd4 Bxd4 17. Ne6 Bf6 18. Bxh6 Kd6 19. Nxc7 Kxc7 20. Bf4+ e5 21. Bg3 Kc6 22. Nd2 e4 23. Nc4 b5 24. Ne3 Bxb2 25. Rb1 Be5 26. Bxe5 Rxe5 27. Rd1 Rf8 28. Rd4 Rf7 29. Rd8 Rd7 30. Rc8+ Kb7 31. Rc3 Rd4 32. Rb3 Ra4 33. a3 Kc6 34. Kf1 Rd4 35. Ke2 Re6 36. Rc3+ Kb7 37. Rc5 a6 38. Rc3 Red6 39. Rc5 Ra4 40. Rc3 Rc6 41. Rb3 Rd4 42. Ke1 Kb6 43. Ke2 Ka5 44. Rb2 Rc3 45. a4 b4 46. Rb3 Kxa4 47. Rb1 a5 48. Ra1+ Ra3 49. Rb1 Ra2 50. Ke1 Rd8 51. c4 b3 52. Nd5 b2 0-1

[Event "Mittelfranken-ch HT 66th"]
[Site "Uttenreuth"]
[Date "2017.04.11"]
[Round "1"]
[White "Wittmann, Helmut"]
[Black "Meyer, Juergen1"]
[Result "1/2-1/2"]
[WhiteElo "2067"]
[BlackElo "1839"]
[PlyCount "42"]
[EventDate "2017.04.11"]
[EventType "swiss"]
[EventRounds "9"]
[EventCountry "GER"]
[SourceTitle "EXT 2020"]
[Source "ChessBase"]
[SourceDate "2019.10.17"]
[SourceVersion "1"]
[SourceVersionDate "2019.10.17"]
[SourceQuality "1"]

1. d4 d5 2. c4 e6 3. Nc3 Nf6 4. Bg5 c6 5. e3 Be7 6. Nf3 0-0 7. Bd3 Nbd7 8. a3 b6 9. e4 dxe4 10. Nxe4 Nxe4 11. Bxe7 Qxe7 12. Bxe4 Bb7 13. Qa4 Rfc8 14. 0-0 Nf6 15. Rfe1 Nxe4 16. Rxe4 c5 17. d5 Qf6 18. Re5 exd5 19. cxd5 Rd8 20. Rae1 h6 21. Qe4 Qd6 1/2-1/2

[Event "Mittelfranken-ch HT"]
[Site "Nuremberg"]
[Date "2016.03.26"]
[Round "9"]
[White "Wittmann, Helmut"]
[Black "Boehme, Sebastian1"]
[Result "0-1"]
[WhiteElo "2079"]
[BlackElo "1766"]
[PlyCount "50"]
[EventDate "2016.03.22"]
[EventType "swiss"]
[EventRounds "9"]
[EventCountry "GER"]
[SourceTitle "EXT 2018"]
[Source "ChessBase"]
[SourceDate "2017.10.13"]
[SourceVersion "1"]
[SourceVersionDate "2017.10.13"]
[SourceQuality "1"]

1. d4 e6 2. g3 f5 3. Bg2 Nf6 4. Nh3 c6 5. Bg5 d5 6. Bxf6 Qxf6 7. e3 Bd6 8. Qh5+ Qf7 9. Qxf7+ Kxf7 10. 0-0 Nd7 11. f3 c5 12. Nd2 b6 13. e4 cxd4 14. Rae1 h6 15. exd5 exd5 16. f4 Nf6 17. Nc4 dxc4 18. Bxa8 Ba6 19. Bg2 c3 20. bxc3 Bxf1 21. Bxf1 dxc3 22. Bc4+ Kg6 23. Re6 Bc5+ 24. Kg2 Rd8 25. Bd3 Rxd3 0-1

[Event "Mittelfranken-ch HT"]
[Site "Nuremberg"]
[Date "2016.03.25"]
[Round "7"]
[White "Hirn, Oskar"]
[Black "Wittmann, Helmut"]
[Result "1/2-1/2"]
[WhiteElo "2209"]
[BlackElo "2079"]
[PlyCount "80"]
[EventDate "2016.03.22"]
[EventType "swiss"]
[EventRounds "9"]
[EventCountry "GER"]
[SourceTitle "EXT 2018"]
[Source "ChessBase"]
[SourceDate "2017.10.13"]
[SourceVersion "1"]
[SourceVersionDate "2017.10.13"]
[SourceQuality "1"]

1. d4 Nf6 2. Nf3 e6 3. c3 c5 4. e3 b6 5. Nbd2 Be7 6. Bd3 Ba6 7. Bxa6 Nxa6 8. 0-0 0-0 9. Qe2 Qc8 10. e4 cxd4 11. Nxd4 Nc5 12. e5 Nd5 13. Ne4 f5 14. exf6 Nxf6 15. Ng3 Qe8 16. Bg5 h6 17. Bxf6 Bxf6 18. Rad1 d5 19. Nf3 Qa4 20. b4 Ne4 21. Nxe4 dxe4 22. Nd4 Rac8 23. Qxe4 Qxa2 24. Rd3 e5 25. Nf5 Qc4 26. Nd6 Qxe4 27. Nxe4 Rc4 28. f3 a5 29. bxa5 bxa5 30. Ra1 Ra8 31. Nd2 Rc5 32. Ra4 Rb8 33. Ne4 Rcb5 34. Kf2 Bd8 35. Kg3 Rb2 36. Rd7 Rc2 37. Rd2 Rxd2 38. Nxd2 Rb2 39. Ne4 Rc2 40. h4 h5 1/2-1/2

[Event "Mittelfranken-ch HT"]
[Site "Nuremberg"]
[Date "2016.03.25"]
[Round "8"]
[White "Wittmann, Helmut"]
[Black "Miller, Eduard"]
[Result "0-1"]
[WhiteElo "2079"]
[BlackElo "2259"]
[PlyCount "112"]
[EventDate "2016.03.22"]
[EventType "swiss"]
[EventRounds "9"]
[EventCountry "GER"]
[SourceTitle "EXT 2018"]
[Source "ChessBase"]
[SourceDate "2017.10.13"]
[SourceVersion "1"]
[SourceVersionDate "2017.10.13"]
[SourceQuality "1"]

1. d4 c6 2. Nf3 d6 3. Nc3 g6 4. e4 Bg7 5. Bc4 Nf6 6. e5 dxe5 7. Nxe5 0-0 8. 0-0 Bf5 9. h3 Nd5 10. Re1 Nd7 11. Nxf7 Kxf7 12. g4 N7b6 13. Bxd5+ Nxd5 14. gxf5 gxf5 15. Qe2 Qd7 16. Nxd5 Qxd5 17. c4 Qd7 18. Bg5 Rae8 19. Rad1 Bxd4 20. Rxd4 Qxd4 21. Qe6+ Kg7 22. Bh6+ Kh8 23. Bxf8 Rxf8 24. Qxe7 Rg8+ 25. Kh1 Qxb2 26. Qe5+ Qxe5 27. Rxe5 Rb8 28. Rxf5 Kg7 29. Rg5+ Kf6 30. Rh5 Kg6 31. Ra5 a6 32. f4 Rf8 33. Rg5+ Kh6 34. Rg4 Rf5 35. Kg2 Rc5 36. Kf3 Rxc4 37. Rg8 Ra4 38. Rb8 b5 39. Kg4 Kg6 40. Rg8+ Kf7 41. Rc8 Rxa2 42. Rxc6 b4 43. Kf5 Ra5+ 44. Ke4 Rb5 45. Rxa6 b3 46. Ra1 b2 47. Rb1 Kf6 48. Kd3 Kf5 49. Kc2 h5 50. h4 Kxf4 51. Rf1+ Kg4 52. Rg1+ Kxh4 53. Kb1 Kh3 54. Rd1 Rb3 55. Rh1+ Kg4 56. Rg1+ Kf4 0-1

[Event "Mittelfranken-ch HT"]
[Site "Nuremberg"]
[Date "2016.03.24"]
[Round "6"]
[White "Walter, Thomas"]
[Black "Wittmann, Helmut"]
[Result "1/2-1/2"]
[WhiteElo "2122"]
[BlackElo "2079"]
[PlyCount "59"]
[EventDate "2016.03.22"]
[EventType "swiss"]
[EventRounds "9"]
[EventCountry "GER"]
[SourceTitle "EXT 2018"]
[Source "ChessBase"]
[SourceDate "2017.10.13"]
[SourceVersion "1"]
[SourceVersionDate "2017.10.13"]
[SourceQuality "1"]

1. e4 e6 2. d4 b6 3. Nf3 Bb7 4. Bd3 c5 5. c3 Nf6 6. Qe2 Be7 7. Bg5 h6 8. Bxf6 Bxf6 9. dxc5 bxc5 10. e5 Be7 11. Nbd2 Qc7 12. Nc4 0-0 13. Rd1 Bd5 14. Bb1 Nc6 15. 0-0 Rab8 16. b3 f6 17. Rfe1 Rbd8 18. Nh4 Bxc4 19. Qxc4 Nxe5 20. Rxe5 fxe5 21. Ng6 d5 22. Qg4 Rf6 23. Rd3 e4 24. Rg3 Bd6 25. Rh3 Rxg6 26. Qxg6 Qf7 27. Rxh6 Qxg6 28. Rxg6 Be5 29. Rxe6 Bxc3 30. Kf1 1/2-1/2

[Event "Mittelfranken-ch HT"]
[Site "Nuremberg"]
[Date "2016.03.24"]
[Round "5"]
[White "Wittmann, Helmut"]
[Black "Erlbeck, Peter"]
[Result "1-0"]
[WhiteElo "2079"]
[BlackElo "2056"]
[PlyCount "65"]
[EventDate "2016.03.22"]
[EventType "swiss"]
[EventRounds "9"]
[EventCountry "GER"]
[SourceTitle "EXT 2018"]
[Source "ChessBase"]
[SourceDate "2017.10.13"]
[SourceVersion "1"]
[SourceVersionDate "2017.10.13"]
[SourceQuality "1"]

1. d4 f5 2. Bg5 g6 3. Nc3 Bg7 4. h4 h6 5. Be3 Nf6 6. Nh3 Nh5 7. Qd3 0-0 8. g4 fxg4 9. Qxg6 Qe8 10. Qxg4 d6 11. Qg2 Kh8 12. Nd5 Na6 13. Nhf4 Nxf4 14. Nxf4 Rxf4 15. Bxf4 Nb4 16. Rg1 Qf7 17. Qxg7+ Qxg7 18. Rxg7 Kxg7 19. Kd2 Nc6 20. d5 Ne5 21. Bg2 Ng6 22. Bg3 Bf5 23. e4 Bg4 24. f3 Bh5 25. f4 Kf6 26. Bh3 Rf8 27. Be6 c5 28. Rg1 b5 29. Ke3 a5 30. b3 a4 31. bxa4 bxa4 32. Be1 Rb8 33. Bc3+ 1-0

[Event "Mittelfranken-ch HT"]
[Site "Nuremberg"]
[Date "2016.03.23"]
[Round "3"]
[White "Seibold, Hubert"]
[Black "Wittmann, Helmut"]
[Result "1/2-1/2"]
[WhiteElo "2165"]
[BlackElo "2079"]
[PlyCount "82"]
[EventDate "2016.03.22"]
[EventType "swiss"]
[EventRounds "9"]
[EventCountry "GER"]
[SourceTitle "EXT 2018"]
[Source "ChessBase"]
[SourceDate "2017.10.13"]
[SourceVersion "1"]
[SourceVersionDate "2017.10.13"]
[SourceQuality "1"]

1. e4 g6 2. d4 Bg7 3. Nc3 d6 4. f4 Nc6 5. Be3 Nf6 6. Nf3 0-0 7. Be2 e5 8. fxe5 dxe5 9. d5 Nb8 10. 0-0 c6 11. a4 cxd5 12. exd5 Ng4 13. Bc5 Nd7 14. Bxf8 Nxf8 15. Qd3 Qb6+ 16. Kh1 Nf2+ 17. Rxf2 Qxf2 18. a5 Bf5 19. Ne4 Bxe4 20. Qxe4 Nd7 21. Rf1 Qc5 22. b4 Nf6 23. Qc4 Qxd5 24. Ng5 h6 25. Qxd5 Nxd5 26. Nxf7 Rc8 27. Nd6 Rxc2 28. Bc4 Kh7 29. Bxd5 Rd2 30. Bxb7 Rxd6 31. g3 e4 32. Bxe4 Rd4 33. Rf4 Be5 34. Rg4 h5 35. Bxg6+ Kh6 36. Rxd4 Bxd4 37. Bd3 Bc3 38. a6 Bxb4 39. Kg2 Kg5 40. h4+ Kh6 41. Bb5 Be1 1/2-1/2

[Event "Mittelfranken-ch HT"]
[Site "Nuremberg"]
[Date "2016.03.23"]
[Round "4"]
[White "Wittmann, Helmut"]
[Black "Wagner, Florian"]
[Result "1-0"]
[WhiteElo "2079"]
[BlackElo "2137"]
[PlyCount "45"]
[EventDate "2016.03.22"]
[EventType "swiss"]
[EventRounds "9"]
[EventCountry "GER"]
[SourceTitle "EXT 2018"]
[Source "ChessBase"]
[SourceDate "2017.10.13"]
[SourceVersion "1"]
[SourceVersionDate "2017.10.13"]
[SourceQuality "1"]

1. d4 Nf6 2. Nf3 g6 3. Bg5 Ne4 4. Bf4 d5 5. Nbd2 Bg7 6. c3 Nd6 7. e3 0-0 8. Be2 Nd7 9. 0-0 b6 10. c4 Bb7 11. cxd5 Bxd5 12. Qc2 e6 13. Rfc1 Rc8 14. Ba6 Bb7 15. Bxb7 Nxb7 16. Qa4 e5 17. Bg5 f6 18. Bh4 exd4 19. exd4 a5 20. Qc4+ Rf7 21. Bg3 c6 22. Qa6 Nf8 23. Nc4 1-0

[Event "Mittelfranken-ch HT"]
[Site "Nuremberg"]
[Date "2016.03.22"]
[Round "1"]
[White "Balhar, Michael"]
[Black "Wittmann, Helmut"]
[Result "0-1"]
[WhiteElo "1795"]
[BlackElo "2079"]
[PlyCount "60"]
[EventDate "2016.03.22"]
[EventType "swiss"]
[EventRounds "9"]
[EventCountry "GER"]
[SourceTitle "EXT 2018"]
[Source "ChessBase"]
[SourceDate "2017.10.13"]
[SourceVersion "1"]
[SourceVersionDate "2017.10.13"]
[SourceQuality "1"]

1. e4 g6 2. d4 Bg7 3. f4 c5 4. c3 d5 5. e5 Qb6 6. dxc5 Qxc5 7. Qd4 Qxd4 8. cxd4 Nc6 9. Be3 Nh6 10. Bb5 0-0 11. Ne2 Nb4 12. Kd2 Ng4 13. Bg1 Bf5 14. Nbc3 a6 15. Ba4 Nd3 16. Nxd5 Be4 17. Ne3 Nxe3 18. Bxe3 Nxb2 19. Bb3 Rac8 20. Rhg1 b5 21. Nc3 Bb7 22. Nd5 Bxd5 23. Bxd5 Nc4+ 24. Kd3 e6 25. Bb7 Rb8 26. Be4 Rfd8 27. Rab1 f6 28. a4 fxe5 29. fxe5 Bxe5 30. Bg5 Rxd4+ 0-1

[Event "Mittelfranken-ch HT"]
[Site "Nuremberg"]
[Date "2016.03.22"]
[Round "2"]
[White "Wittmann, Helmut"]
[Black "Reis, Gerhard"]
[Result "1/2-1/2"]
[WhiteElo "2079"]
[BlackElo "2220"]
[PlyCount "61"]
[EventDate "2016.03.22"]
[EventType "swiss"]
[EventRounds "9"]
[EventCountry "GER"]
[SourceTitle "EXT 2018"]
[Source "ChessBase"]
[SourceDate "2017.10.13"]
[SourceVersion "1"]
[SourceVersionDate "2017.10.13"]
[SourceQuality "1"]

1. d4 Nf6 2. Nf3 g6 3. Bg5 Bg7 4. Nbd2 c5 5. dxc5 Qa5 6. c3 Qxc5 7. Bxf6 Bxf6 8. Ne4 Qb6 9. Nxf6+ Qxf6 10. e4 Nc6 11. Bb5 0-0 12. Qd2 d6 13. 0-0 Bd7 14. Rfe1 Rfd8 15. Qh6 Qg7 16. Qh4 Ne5 17. Nxe5 Qxe5 18. Bc4 Bc6 19. Re3 e6 20. Bb3 Rd7 21. Rae1 Kg7 22. f4 Qf6 23. Qg3 Re8 24. Rf1 d5 25. f5 exf5 26. exf5 Rxe3 27. Qxe3 d4 28. cxd4 Qxd4 29. Qxd4+ Rxd4 30. fxg6 fxg6 31. Rd1 1/2-1/2

[Event "Pyramiden Franken Cup"]
[Site "Fuerth"]
[Date "2015.09.06"]
[Round "6"]
[White "Roettinger, Eugen"]
[Black "Wittmann, Helmut"]
[Result "1/2-1/2"]
[WhiteElo "2147"]
[BlackElo "2106"]
[PlyCount "111"]
[EventDate "2015.09.03"]
[EventType "swiss"]
[EventRounds "7"]
[EventCountry "GER"]
[SourceTitle "EXT 2016"]
[Source "ChessBase"]
[SourceDate "2015.10.08"]
[SourceVersion "1"]
[SourceVersionDate "2015.10.08"]
[SourceQuality "1"]

1. b3 e5 2. Bb2 Nc6 3. Nf3 e4 4. Nd4 Nxd4 5. Bxd4 Nf6 6. e3 d5 7. Bb2 Bd6 8. c4 0-0 9. cxd5 Nxd5 10. Nc3 Qf6 11. Rb1 Nxc3 12. Bxc3 Qg6 13. Rc1 a6 14. f4 Be7 15. Kf2 Bd7 16. Be2 Bb5 17. h4 Bxe2 18. Qxe2 h5 19. g4 Qxg4 20. Qxg4 hxg4 21. f5 Bd6 22. Rcg1 g3+ 23. Rxg3 Bxg3+ 24. Kxg3 f6 25. Kf4 Rfe8 26. Rg1 Kf7 27. Rg6 Re7 28. Bb4 Re5 29. Bc3 Re7 30. Bb4 Re5 31. Bc3 Rc5 32. Kxe4 Rh8 33. Rg4 Rh6 34. a4 g6 35. fxg6+ Rxg6 36. Rf4 Ke6 37. Kd4 Rd5+ 38. Kc4 Rh5 39. Re4+ Kf7 40. Rd4 b5+ 41. axb5 axb5+ 42. Kd3 Ke6 43. b4 f5 44. Rd8 Rxh4 45. Re8+ Kf7 46. Re5 f4 47. exf4 Rxf4 48. Rxb5 Rd6+ 49. Kc2 Ke6 50. Rc5 Rd7 51. Rc6+ Ke7 52. Rh6 Rd6 53. Rh5 Re4 54. Rc5 Kd7 55. Kb3 c6 56. b5 1/2-1/2

[Event "Pyramiden Franken Cup"]
[Site "Fuerth"]
[Date "2015.09.06"]
[Round "7"]
[White "Wittmann, Helmut"]
[Black "Lutter, Maximilian"]
[Result "1/2-1/2"]
[WhiteElo "2106"]
[BlackElo "1776"]
[PlyCount "92"]
[EventDate "2015.09.03"]
[EventType "swiss"]
[EventRounds "7"]
[EventCountry "GER"]
[SourceTitle "EXT 2016"]
[Source "ChessBase"]
[SourceDate "2015.10.08"]
[SourceVersion "1"]
[SourceVersionDate "2015.10.08"]
[SourceQuality "1"]

1. d4 g6 2. c4 Nf6 3. Nc3 d5 4. Nf3 Bg7 5. cxd5 Nxd5 6. Qa4+ c6 7. e4 Nxc3 8. bxc3 0-0 9. Ba3 Nd7 10. Be2 Re8 11. 0-0 e5 12. Qb3 exd4 13. cxd4 Nb6 14. Qc2 Bg4 15. Rad1 Qb8 16. h3 Bd7 17. Ne5 Rxe5 18. dxe5 Qxe5 19. Bc5 Be6 20. f4 Qc3 21. Qxc3 Bxc3 22. Rf3 Na4 23. Bd4 Bb4 24. f5 gxf5 25. exf5 Bd5 26. Rg3+ Kf8 27. Bg7+ Ke7 28. Re3+ Kd7 29. Kf1 Rg8 30. Bf6 Bc5 31. Re4 Nb6 32. Rh4 Rxg2 33. Rxd5+ Nxd5 34. Kxg2 Nxf6 35. Bc4 Ke7 36. Rf4 Nd7 37. Rh4 Nf6 38. Rf4 Nd7 39. Bb3 Kf6 40. Rf1 Bd4 41. Rd1 c5 42. Kg3 Ne5 43. Kf4 h6 44. a4 a6 45. Bd5 b5 46. Bb7 bxa4 1/2-1/2

[Event "Pyramiden Franken Cup"]
[Site "Fuerth"]
[Date "2015.09.05"]
[Round "4"]
[White "Suess, Helmut"]
[Black "Wittmann, Helmut"]
[Result "1/2-1/2"]
[WhiteElo "1959"]
[BlackElo "2106"]
[PlyCount "37"]
[EventDate "2015.09.03"]
[EventType "swiss"]
[EventRounds "7"]
[EventCountry "GER"]
[SourceTitle "EXT 2016"]
[Source "ChessBase"]
[SourceDate "2015.10.08"]
[SourceVersion "1"]
[SourceVersionDate "2015.10.08"]
[SourceQuality "1"]

1. d4 e6 2. c4 Bb4+ 3. Bd2 Be7 4. Nc3 d5 5. Nf3 c5 6. cxd5 exd5 7. e3 Nc6 8. Bb5 Nf6 9. Ne5 0-0 10. Bxc6 bxc6 11. Nxc6 Qc7 12. Nxe7+ Qxe7 13. 0-0 Rb8 14. dxc5 Qxc5 15. h3 Rd8 16. Rc1 Qc4 17. Qa4 Rxb2 18. Qa5 Rb6 19. Na4 1/2-1/2

[Event "Pyramiden Franken Cup"]
[Site "Fuerth"]
[Date "2015.09.05"]
[Round "5"]
[White "Wittmann, Helmut"]
[Black "Vogel, Karlheinz"]
[Result "1-0"]
[WhiteElo "2106"]
[BlackElo "1706"]
[PlyCount "44"]
[EventDate "2015.09.03"]
[EventType "swiss"]
[EventRounds "7"]
[EventCountry "GER"]
[SourceTitle "EXT 2016"]
[Source "ChessBase"]
[SourceDate "2015.10.08"]
[SourceVersion "1"]
[SourceVersionDate "2015.10.08"]
[SourceQuality "1"]

1. d4 Nf6 2. Bg5 Ne4 3. h4 c5 4. dxc5 Qa5+ 5. Nd2 Nxd2 6. Bxd2 Qxc5 7. c4 Nc6 8. e3 d6 9. Ne2 Bf5 10. Ng3 h6 11. b4 Qe5 12. b5 Nd4 13. Rc1 Qe6 14. Bc3 Nc2+ 15. Rxc2 Bxc2 16. Qxc2 0-0-0 17. Bd3 Kb8 18. Nf5 d5 19. c5 Rg8 20. c6 b6 21. c7+ Kxc7 22. Be5+ Kd7 1-0

[Event "Pyramiden Franken Cup"]
[Site "Fuerth"]
[Date "2015.09.04"]
[Round "2"]
[White "Ott, Florian"]
[Black "Wittmann, Helmut"]
[Result "1-0"]
[WhiteElo "2273"]
[BlackElo "2106"]
[PlyCount "45"]
[EventDate "2015.09.03"]
[EventType "swiss"]
[EventRounds "7"]
[EventCountry "GER"]
[SourceTitle "EXT 2016"]
[Source "ChessBase"]
[SourceDate "2015.10.08"]
[SourceVersion "1"]
[SourceVersionDate "2015.10.08"]
[SourceQuality "1"]

1. d4 e6 2. c4 Bb4+ 3. Bd2 Be7 4. Nc3 f5 5. e4 fxe4 6. Nxe4 Nf6 7. Bd3 0-0 8. Nf3 Nxe4 9. Bxe4 d5 10. Bd3 Nc6 11. Qc2 Rxf3 12. gxf3 Nxd4 13. Qd1 Qf8 14. f4 dxc4 15. Be4 Bd6 16. Bc3 c5 17. Bxd4 Qxf4 18. Bxh7+ Kxh7 19. Be3 Qe5 20. Qc2+ Kh8 21. Rg1 Bd7 22. Rg5 Qf6 23. 0-0-0 1-0

[Event "Pyramiden Franken Cup"]
[Site "Fuerth"]
[Date "2015.09.04"]
[Round "3"]
[White "Wittmann, Helmut"]
[Black "Kuespert, Helmut"]
[Result "0-1"]
[WhiteElo "2106"]
[BlackElo "1934"]
[PlyCount "56"]
[EventDate "2015.09.03"]
[EventType "swiss"]
[EventRounds "7"]
[EventCountry "GER"]
[SourceTitle "EXT 2016"]
[Source "ChessBase"]
[SourceDate "2015.10.08"]
[SourceVersion "1"]
[SourceVersionDate "2015.10.08"]
[SourceQuality "1"]

1. d4 Nf6 2. Bg5 e6 3. Nd2 Be7 4. e4 d6 5. Ngf3 Nbd7 6. e5 dxe5 7. dxe5 Nd5 8. h4 h6 9. Bxe7 Qxe7 10. h5 Qb4 11. Qc1 b6 12. Rh4 Qe7 13. Bb5 Bb7 14. Rg4 0-0-0 15. Rxg7 Rhg8 16. Rxg8 Rxg8 17. g3 f5 18. exf6 N7xf6 19. Be2 e5 20. Nc4 e4 21. Nd4 e3 22. Nxe3 Qe4 23. Qd2 Nxe3 24. Qxe3 Qh1+ 25. Kd2 Ne4+ 26. Kd3 Qxa1 27. Qxh6 Nc5+ 28. Ke3 Qc1# 0-1